000 01009cam a22002654a 4500
999 _c10560
_d10560
003 OSt
005 20220404130323.0
008 061211s2007 njua b 001 0 eng
010 _a 2006100395
016 7 _a013740995
_2Uk
020 _a047011231X (pbk. : alk. paper)
020 _a9780470112311 (pbk. : alk. paper)
042 _apcc
082 0 0 _a712/.2
_222
100 1 _aReid, Grant W.
245 1 0 _aFrom concept to form in landscape design /
_cGrant W. Reid.
250 _a2nd ed.
260 _aHoboken, N.J. :
_bJohn Wiley & Sons,
_cc2007.
300 _aix, 180 p. :
_bill. (some col.) ;
_c28 cm.
504 _aIncludes bibliographical references (p. 175) and index.
505 0 _aThe concept -- Geometric form development -- Naturalistic form development -- Principles of design -- Beyond the rules: anomalous and provocative design -- Case studies.
650 0 _aLandscape design.
856 4 1 _3Table of contents only
_uhttp://www.loc.gov/catdir/toc/ecip076/2006100395.html
942 _2ddc